El proyecto escolar, una suma de acuerdos y compromisos.

-д хадгалсан:
Номзүйн дэлгэрэнгүй
Үндсэн зохиолч: Sepúlveda, Alzúa, Marcela, coord (autor)
Байгууллагын зохиогч: México. Presidencia de la República Secretaría de Educación Pública
Формат: Ном
Хэл сонгох:испани
Нөхцлүүд:
Шошгууд: Шошго нэмэх
Шошго байхгүй, Энэхүү баримтыг шошголох эхний хүн болох!

MARC

LEADER 00000cam^a2200000uu^4500
001 000497163
005 20250521000000.0
008 050901s2001^^^^^^^^^^^^rd^r^^000^0^spa^d
009 20260310125628.593
035 |a FCE 000040776 
037 |a Acervo ITESO - Biblioteca 
041 |a spa 
082 0 4 |a 371.2007  |b SEPp 
100 |a Sepúlveda, Alzúa, Marcela, coord  |e (autor) 
245 1 3 |a El proyecto escolar, una suma de acuerdos y compromisos. 
264 |a México :  |b SEP, Subsecretaría de Servicios Educativos para el D.F.,  |c 2004. 
300 |a 56 p. 
336 |a texto  |b txt  |2 rdacontenido 
337 |a sin mediación  |b n  |2 rdamedio 
338 |a volumen  |b nc  |2 rdasoporte 
649 |a XX 
650 |a Docentes 
650 |a Educación básica 
650 |a Proyecto de educación 
650 |a Personal de educación 
650 |a Gestión 
650 |a México 
710 |a México. Presidencia de la República  |b Secretaría de Educación Pública 
910 |a Fondo Centro de Estudios Educativos 
920 |a Impresos - Libros 
930 |a Fondos Especiales 
905 |a 133 
901 |a ALE047613  |b IT2  |c CEE  |u 20250521 
902 |a https://opac.biblio.iteso.mx/vufind/Record/000497163